000 00625nam a22002177a 4500
005 20260504131637.0
020 _a9789332510357
041 _aENG
082 _a658.7
_bBOZ
100 _aBozarth, Cecil C.
245 _aIntroduction to operations and supply chain management /
_cCecil C. Bozarth, Robert B. Handfield.
250 _a3rd edition.
260 _aNoida :
_bPearson ,
_c2013.
300 _a507 Pages :
_billustrations ;
_c24 cm.
504 _aIncludes Index.
650 _aManagement
650 _aBusiness logistics
650 _aProduction management
700 _aHandfield Robert B.
942 _2ddc
_cBK
999 _c24339
_d24339